[Event "Kosmos m 5'"]
[Site "Moscow"]
[Date "1998.11.28"]
[Round "23"]
[White "Kramnik, Vladimir"]
[Black "Kasparov, Garry"]
[Result "1/2-1/2"]
[WhiteElo "2780"]
[BlackElo "2815"]
[PlyCount "55"]
[EventDate "1998.11.27"]
[Source "ChessBase"]
[SourceDate "1999.01.01"]

1. Nf3 d5 2. d4 Nf6 3. c4 e6 4. Nc3 c6 5. Bg5 Nbd7 6. cxd5 exd5 7. e3 Be7 8. Qc2 Nh5 9. h4 Ndf6 10. Bd3 h6 11. Bxf6 Nxf6 12. O-O-O Ng4 13. Kb1 Be6 14. g3 O-O 15. Rhf1 Rc8 16. Ne2 c5 17. dxc5 Rxc5 18. Qd2 Qb6 19. Ned4 Bf6 20. Nb3 Rc7 21. Qa5 Qxa5 22. Nxa5 Ne5 23. Nxe5 Bxe5 24. Rc1 Rfc8 25. Rxc7 Rxc7 26. Rc1 Bc8 27. Nb3 g6 28. Rxc7 1/2-1/2

[Event "RUS"]
[Site "?"]
[Date "2006.04.26"]
[Round "7"]
[White "Aronian Levon"]
[Black "Gelfand Boris"]
[Result "1/2-1/2"]
[WhiteElo "2756"]
[BlackElo "2727"]
[PlyCount "57"]
[EventDate "2006.??.??"]
[Source "www.chesslib.no"]
[SourceDate "2004.05.04"]

1. Nf3 Nf6 2. c4 e6 3. Nc3 d5 4. d4 c6 5. Bg5 Nbd7 6. cxd5 exd5 7. e3 Be7 8. Qc2 O-O 9. Bd3 Re8 10. O-O Nf8 11. Rae1 Ne4 12. Bxe7 Qxe7 13. Bxe4 dxe4 14. Nd2 f5 15. f3 exf3 16. Nxf3 Be6 17. e4 fxe4 18. Rxe4 h6 19. Re3 Qd7 20. Rfe1 Bf7 21. Ne4 Ng6 22. Nc5 Qd5 23. Rxe8+ Rxe8 24. Rxe8+ Bxe8 25. Nxb7 Nh4 26. Nxh4 Qxd4+ 27. Qf2 Qd1+ 28. Qf1 Qd4+ 29. Qf2 1/2-1/2

[Event "Capablanca Mem Elite"]
[Site "?"]
[Date "2005.05.12"]
[Round "7"]
[White "Ivanchuk Vassily"]
[Black "Bruzon Lazaro"]
[Result "1/2-1/2"]
[WhiteElo "2739"]
[BlackElo "2669"]
[PlyCount "87"]
[EventDate "2005.??.??"]
[Source "www.chesslib.no"]
[SourceDate "2004.05.04"]

1. d4 d5 2. c4 e6 3. Nc3 Be7 4. Nf3 Nf6 5. Bg5 O-O 6. Qc2 Nbd7 7. cxd5 exd5 8. e3 Re8 9. Bd3 Nf8 10. O-O c6 11. Rab1 a5 12. a3 Bd6 13. Rfe1 Bg4 14. Nd2 Bh5 15. Bh4 Bg6 16. Nf3 Bxd3 17. Qxd3 N8d7 18. e4 dxe4 19. Nxe4 Be7 20. Nxf6+ Bxf6 21. Rxe8+ Qxe8 22. Re1 Qd8 23. Bxf6 Nxf6 24. g3 g6 25. h4 Kg7 26. Re5 h5 27. Qe2 Nd5 28. Ng5 Qd7 29. Ne4 b6 30. Nc3 Nxc3 31. bxc3 b5 32. Qe4 Rd8 33. Kg2 b4 34. Rxa5 bxc3 35. Rc5 Qxd4 36. Qxd4+ Rxd4 37. Rxc3 Ra4 38. Kf1 c5 39. Ke2 Kf6 40. Re3 Kf5 41. Kd2 f6 42. Rf3+ Ke5 43. Re3+ Kf5 44. Rf3+ 1/2-1/2

[Event "Linares"]
[Site "?"]
[Date "1993.??.??"]
[Round "?"]
[White "Gelfand, B."]
[Black "Ivanchuk, V."]
[Result "0-1"]
[WhiteElo "2690"]
[BlackElo "2710"]
[PlyCount "76"]
[EventDate "1993.??.??"]
[Source "ChessBase"]
[SourceDate "1993.02.01"]

1. d4 Nf6 2. c4 e6 3. Nf3 d5 4. Nc3 Nbd7 5. cxd5 exd5 6. Bg5 Be7 7. e3 O-O 8. Bd3 Re8 9. Qc2 Nf8 10. O-O c6 11. h3 g6 12. Rab1 Ne6 13. Bh6 Ng7 14. b4 a6 15. a4 Bf5 16. Ne5 Rc8 17. Bxg7 Bxd3 18. Nxd3 Kxg7 19. Rb3 Bd6 20. b5 cxb5 21. axb5 a5 22. Qb2 b6 23. Na4 Rc4 24. Ra1 Ne4 25. f3 Ng3 26. Ne5 Bxe5 27. dxe5 Qc7 28. Kh2 Nf5 29. f4 Rc2 30. Rc3 Rxc3 31. Qxc3 Qxc3 32. Nxc3 Nxe3 33. Na4 d4 34. Ra3 Nc4 35. Rd3 Rd8 36. Kg3 Rd5 37. Kf2 g5 38. g3 Kg6 0-1

[Event "GM"]
[Site "Biel SUI"]
[Date "2006.07.28"]
[Round "5"]
[White "Radjabov, T."]
[Black "Bruzon, L."]
[Result "1-0"]
[WhiteElo "2728"]
[BlackElo "2667"]
[PlyCount "85"]
[EventDate "2006.??.??"]
[Source "www.chesslib.no"]
[SourceDate "2004.05.04"]

1. d4 Nf6 2. c4 e6 3. Nf3 d5 4. Nc3 c6 5. Bg5 Nbd7 6. e3 Be7 7. cxd5 exd5 8. Bd3 O-O 9. Qc2 Re8 10. O-O Nf8 11. h3 g6 12. Bf4 Ne6 13. Be5 Ng7 14. Rab1 Bf5 15. b4 a6 16. a4 Bxd3 17. Qxd3 b5 18. Rfc1 Nf5 19. e4 dxe4 20. Nxe4 Nxe4 21. Qxe4 Qd5 22. Qxd5 cxd5 23. axb5 axb5 24. Rc6 Ra2 25. Rb6 f6 26. Bh2 Bxb4 27. g4 Ba5 28. Ra6 Ng7 29. Rxb5 Ra3 30. Kg2 Bb4 31. Rxa3 Bxa3 32. Rxd5 Be7 33. Ra5 Rd8 34. d5 Bb4 35. Rb5 Bc3 36. Kf1 h5 37. Ke2 hxg4 38. hxg4 Ra8 39. Rb3 Ba5 40. Nd4 Re8+ 41. Kd3 Be1 42. d6 Rd8 43. Rb7 1-0

[Event "XIX Carlos Torre Mem KO"]
[Site "Merida MES"]
[Date "2006.12.21"]
[Round "4.1"]
[White "Ivanchuk, V."]
[Black "Bruzon, L."]
[Result "1/2-1/2"]
[WhiteElo "2741"]
[BlackElo "2648"]
[PlyCount "76"]
[EventDate "2006.12.18"]
[Source "www.chesslib.no"]
[SourceDate "2004.05.04"]

1. d4 Nf6 2. c4 e6 3. Nc3 d5 4. cxd5 exd5 5. Bg5 c6 6. e3 Be7 7. Bd3 Nbd7 8. Nge2 O-O 9. Qc2 Re8 10. O-O Nf8 11. f3 Be6 12. Rad1 Rc8 13. Kh1 Ng6 14. a3 Qc7 15. Nf4 Bd7 16. Qf2 Rcd8 17. Rc1 Qd6 18. Nxg6 fxg6 19. Bf4 Qe6 20. Bc7 Rc8 21. Be5 Qf7 22. e4 Be6 23. Qd2 Bf8 24. Ne2 Qd7 25. Bg3 dxe4 26. fxe4 Rcd8 27. Bf2 Bf7 28. Nc3 Bc5 29. dxc5 Qxd3 30. Qxd3 Rxd3 31. Rfd1 Bc4 32. h3 Nxe4 33. Nxe4 Rxe4 34. Rxd3 Bxd3 35. Rd1 Re2 36. Rxd3 Rxf2 37. Rd8+ Rf8 38. Rd7 Rf7 1/2-1/2

[Event "XIX Carlos Torre Mem KO"]
[Site "Merida MES"]
[Date "2006.12.21"]
[Round "4.4"]
[White "Ivanchuk, V."]
[Black "Bruzon, L."]
[Result "1-0"]
[WhiteElo "2741"]
[BlackElo "2648"]
[PlyCount "71"]
[EventDate "2006.12.18"]
[Source "www.chesslib.no"]
[SourceDate "2004.05.04"]

1. d4 Nf6 2. c4 e6 3. Nc3 d5 4. cxd5 exd5 5. Bg5 c6 6. e3 Be7 7. Bd3 Nbd7 8. Nge2 O-O 9. Qc2 Re8 10. O-O Nf8 11. f3 Be6 12. Rad1 Rc8 13. Kh1 Ng6 14. a3 Nd7 15. Bf4 a6 16. Bg3 c5 17. e4 Nf6 18. e5 Nd7 19. f4 c4 20. Bf5 Ndf8 21. Bh3 Bxh3 22. gxh3 Nh8 23. f5 Bg5 24. Bf4 h6 25. Ng3 Rc7 26. Qg2 Rd7 27. Nh5 f6 28. e6 Nxe6 29. fxe6 Rxe6 30. h4 Qe8 31. Nxg7 Kxg7 32. hxg5 hxg5 33. Nxd5 Rxd5 34. Qxd5 gxf4 35. Rg1+ Ng6 36. Qf5 1-0

[Event "Blindfold World Cup"]
[Site "Bilbao ESP"]
[Date "2007.10.20"]
[Round "10"]
[White "Harikrishna, P."]
[Black "Karjakin, Sergey"]
[Result "0-1"]
[WhiteElo "2668"]
[BlackElo "2694"]
[PlyCount "76"]
[EventDate "2007.10.16"]
[Source "www.chesslib.no"]
[SourceDate "2004.05.04"]

1. d4 d5 2. c4 c6 3. Nf3 Nf6 4. Nc3 e6 5. cxd5 exd5 6. Bg5 Be7 7. Qc2 g6 8. e3 Bf5 9. Bd3 Bxd3 10. Qxd3 Nbd7 11. Bh6 Ng4 12. Bf4 O-O 13. h3 Ngf6 14. O-O Re8 15. Rab1 a5 16. Qc2 Nf8 17. a3 Ne6 18. Bh2 Bd6 19. Ne5 Nd7 20. b4 axb4 21. axb4 Nxe5 22. dxe5 Bf8 23. b5 Ra3 24. bxc6 bxc6 25. Ne2 Qa8 26. Nd4 c5 27. Nb5 Ra2 28. Qd1 Rb8 29. Bg3 Be7 30. Nc3 Rxb1 31. Qxb1 Ra3 32. Qb2 Ra5 33. Rd1 d4 34. exd4 cxd4 35. Ne2 Ra2 36. Qb5 Qe4 37. Nc1 Ra1 38. Qf1 Qc2 0-1

[Event "Corr"]
[Site "?"]
[Date "2002.01.15"]
[Round "?"]
[White "Anton Volker-Michael (GER"]
[Black "Tarnowiecki Harald"]
[Result "1/2-1/2"]
[WhiteElo "2664"]
[BlackElo "2692"]
[PlyCount "39"]
[EventDate "2002.??.??"]
[Source "www.chesslib.no"]
[SourceDate "2004.05.04"]

1. d4 Nf6 2. c4 e6 3. Nc3 d5 4. cxd5 exd5 5. Bg5 Be7 6. e3 c6 7. Qc2 Nbd7 8. Bd3 Nf8 9. Nge2 Ne6 10. Bh4 g6 11. f3 O-O 12. O-O b6 13. Rad1 Bb7 14. Kh1 Rc8 15. Qc1 b5 16. a3 a5 17. Qd2 Re8 18. Ra1 Ra8 19. Bf2 Ba6 20. Rfc1 1/2-1/2

[Event "Belfort"]
[Site "?"]
[Date "1988.??.??"]
[Round "?"]
[White "Kasparov, Garry"]
[Black "Andersson, U."]
[Result "1-0"]
[WhiteElo "2750"]
[BlackElo "2605"]
[PlyCount "75"]
[EventDate "1988.??.??"]
[Source "ChessBase"]
[SourceDate "1988.01.01"]

1. d4 Nf6 2. c4 e6 3. Nc3 d5 4. cxd5 exd5 5. Bg5 c6 6. Qc2 Be7 7. e3 Nbd7 8. Bd3 O-O 9. Nge2 Re8 10. O-O Nf8 11. f3 Be6 12. Rae1 Rc8 13. Kh1 N6d7 14. Bxe7 Rxe7 15. Nf4 Rc7 16. Qf2 Nf6 17. e4 dxe4 18. fxe4 Rcd7 19. d5 cxd5 20. Bb5 Rc7 21. exd5 Bd7 22. Be2 Rc8 23. Qxa7 b6 24. Qa6 Ne4 25. d6 Nxd6 26. Nfd5 Re5 27. Qxb6 Nf5 28. Qxd8 Rxd8 29. Bd3 Rxe1 30. Rxe1 Ng6 31. a4 Kf8 32. a5 Nd4 33. Bxg6 hxg6 34. Rd1 Ne6 35. Nb6 Bc6 36. Rxd8+ Nxd8 37. b4 Ne6 38. b5 1-0

[Event "Muenchen"]
[Site "?"]
[Date "1994.??.??"]
[Round "?"]
[White "Bareev, E."]
[Black "Yusupov, A."]
[Result "1-0"]
[WhiteElo "2685"]
[BlackElo "2665"]
[PlyCount "103"]
[EventDate "1994.??.??"]
[Source "ChessBase"]
[SourceDate "1994.02.01"]

1. d4 Nf6 2. c4 e6 3. Nc3 d5 4. cxd5 exd5 5. Bg5 Be7 6. e3 Nbd7 7. Bd3 O-O 8. Nge2 Re8 9. O-O c6 10. Qc2 Nf8 11. f3 Ng6 12. Rad1 Be6 13. Ng3 Rc8 14. Rde1 c5 15. f4 Nf8 16. Kh1 h6 17. Bh4 a6 18. Qd2 cxd4 19. exd4 Ne4 20. Ncxe4 Bxh4 21. Nc5 Rc7 22. f5 Bg5 23. Qd1 Bd7 24. Nh5 Nh7 25. Qf3 Rxe1 26. Rxe1 Bc6 27. Qg3 Nf6 28. Nxg7 Kxg7 29. h4 Nh5 30. Qg4 Re7 31. Rxe7 Qxe7 32. hxg5 Qxg5 33. Qxg5+ hxg5 34. b4 g4 35. a4 b6 36. Bxa6 bxc5 37. b5 Ba8 38. dxc5 Ng3+ 39. Kg1 Nxf5 40. b6 d4 41. b7 Bxb7 42. Bxb7 d3 43. Kf2 Nd4 44. Ke3 d2 45. Kxd2 Nb3+ 46. Ke2 Nxc5 47. a5 f5 48. a6 Nxa6 49. Bxa6 f4 50. Kd3 Kf6 51. Ke4 Kg5 52. Bc8 1-0

[Event "Mar del Plata"]
[Site "Mar del Plata"]
[Date "1982.??.??"]
[Round "?"]
[White "Polugaevsky, Lev"]
[Black "Karpov, Anatoly"]
[Result "1/2-1/2"]
[WhiteElo "2625"]
[BlackElo "2720"]
[PlyCount "31"]
[EventDate "1982.02.??"]
[Source "ChessBase"]

1. d4 d5 2. c4 e6 3. Nc3 Nf6 4. Nf3 Be7 5. cxd5 exd5 6. Bg5 c6 7. Qc2 g6 8. e3 Bf5 9. Bd3 Bxd3 10. Qxd3 O-O 11. O-O Nbd7 12. a3 Re8 13. b4 a6 14. Qc2 Nb6 15. Bxf6 Bxf6 16. Nd2 1/2-1/2

[Event "San Nicolas (m/2)"]
[Site "?"]
[Date "1994.??.??"]
[Round "?"]
[White "Karpov, An"]
[Black "Campora, Daniel Hugo"]
[Result "1-0"]
[WhiteElo "2780"]
[BlackElo "2560"]
[PlyCount "77"]
[EventDate "1994.??.??"]
[Source "ChessBase"]
[SourceDate "1994.10.01"]

1. d4 d5 2. c4 e6 3. Nc3 Nf6 4. cxd5 exd5 5. Bg5 Be7 6. e3 O-O 7. Bd3 Nbd7 8. Nf3 c6 9. Qc2 Re8 10. O-O Nf8 11. h3 Be6 12. Bxf6 Bxf6 13. b4 Rc8 14. Na4 Rc7 15. Rac1 Be7 16. Qb1 Bd6 17. b5 Qf6 18. bxc6 bxc6 19. Nh2 Qh4 20. Bf5 Qh5 21. Bxe6 Nxe6 22. Nf3 f5 23. Rc3 Nd8 24. Nc5 Bxc5 25. Rxc5 Ne6 26. Rc3 f4 27. e4 h6 28. Re1 Rce7 29. Rxc6 dxe4 30. Rxe4 Qd5 31. Rc3 Qf5 32. Qe1 Qd5 33. Kh1 Qd6 34. Qd2 Ng5 35. Rxe7 Qxe7 36. Qxf4 Qb4 37. Nxg5 hxg5 38. Qd2 g4 39. hxg4 1-0

[Event "Poikovsky 81/346"]
[Site "?"]
[Date "2001.??.??"]
[Round "?"]
[White "Georgiev, Ki"]
[Black "Onischuk, Al"]
[Result "1/2-1/2"]
[WhiteElo "2676"]
[BlackElo "2658"]
[PlyCount "110"]
[EventDate "2001.??.??"]
[Source "Chess Informant"]
[SourceDate "2001.02.01"]

1. Nf3 Nf6 2. c4 e6 3. Nc3 d5 4. d4 Be7 5. Qc2 O-O 6. Bg5 Nbd7 7. cxd5 exd5 8. e3 Re8 9. Bd3 Nf8 10. O-O c6 11. h3 g6 12. Rab1 Ne6 13. Bh4 Ng7 14. b4 a6 15. a4 Bf5 16. b5 axb5 17. axb5 Bxd3 18. Qxd3 Nf5 19. Bxf6 Bxf6 20. bxc6 bxc6 21. Rfc1 Ra3 22. Ra1 Qa8 23. Qd1 Nd6 24. Rxa3 Qxa3 25. Nb1 Qa6 26. Nbd2 Ne4 27. Nxe4 Rxe4 28. Qc2 Re6 29. g3 h5 30. h4 Kg7 31. Ne1 Be7 32. Ng2 Rf6 33. Nf4 Qa3 34. Kg2 Bd6 35. Nh3 Be7 36. Nf4 Bd6 37. Nd3 Qa6 38. Qb3 Bc7 39. Rc2 Qc8 40. Qa4 Qf5 41. Rxc6 Qf3+ 42. Kg1 Rxc6 43. Qxc6 Bxg3 44. fxg3 Qxg3+ 45. Kf1 Qxe3 46. Nf2 Qxd4 47. Qd6 Qxh4 48. Qxd5 Qf4 49. Kg2 h4 50. Ne4 Kh6 51. Qa8 Qe5 52. Nf2 Qg3+ 53. Kf1 Kg7 54. Qa1+ f6 55. Qd4 g5 1/2-1/2

[Event "Bastia FRA, Corsica Masters 2005"]
[Site "?"]
[Date "2005.11.03"]
[Round "1.1"]
[White "Bacrot Etienne"]
[Black "David Alberto"]
[Result "1/2-1/2"]
[WhiteElo "2725"]
[BlackElo "2595"]
[PlyCount "95"]
[EventDate "2005.??.??"]
[Source "www.chesslib.no"]
[SourceDate "2004.05.04"]

1. d4 Nf6 2. c4 e6 3. Nf3 d5 4. Nc3 Be7 5. Qc2 O-O 6. cxd5 exd5 7. Bg5 c6 8. e3 Nbd7 9. Bd3 Re8 10. O-O Nf8 11. Rab1 Be6 12. b4 Rc8 13. Rfe1 N6d7 14. Bf4 Bg4 15. Nd2 a6 16. Na4 b5 17. Nc5 Nxc5 18. bxc5 Bh5 19. h3 Bg6 20. Nb3 Qd7 21. Bg3 Ne6 22. Rbd1 Ng5 23. f3 Bxd3 24. Qxd3 f5 25. Be5 Bd8 26. Bf4 g6 27. Re2 Bf6 28. Bxg5 Bxg5 29. f4 Bf6 30. Nd2 Kf7 31. Nf3 Re4 32. Nd2 Re7 33. Rf1 Rce8 34. Nf3 Re4 35. Ne5+ Bxe5 36. fxe5 Kg7 37. Rf4 Qe7 38. Ref2 h5 39. Qd2 Qd8 40. Qc3 Rf8 41. Qd2 Rf7 42. g3 Rf8 43. Kg2 Qg5 44. Kh2 Qd8 45. Qc3 Rf7 46. Qe1 Rf8 47. Qc3 Rf7 48. Qd2 1/2-1/2

[Event "Linares"]
[Site "?"]
[Date "1993.??.??"]
[Round "?"]
[White "Beliavsky, A."]
[Black "Ivanchuk, V."]
[Result "1-0"]
[WhiteElo "2610"]
[BlackElo "2710"]
[PlyCount "77"]
[EventDate "1993.??.??"]
[Source "ChessBase"]
[SourceDate "1993.02.01"]

1. d4 Nf6 2. c4 e6 3. Nf3 d5 4. Nc3 Nbd7 5. cxd5 exd5 6. Bg5 Be7 7. e3 c6 8. Qc2 O-O 9. Bd3 Re8 10. h3 Nf8 11. Bf4 Be6 12. O-O N6d7 13. Rab1 Nb6 14. b4 Bd6 15. Bxd6 Qxd6 16. a4 a6 17. Nd2 Re7 18. Nb3 Rc7 19. Nc5 Nbd7 20. f4 f6 21. f5 Bf7 22. Qf2 a5 23. Nxd7 Rxd7 24. bxa5 Rxa5 25. Rb6 Qa3 26. Rfb1 Ra8 27. R6b3 Qe7 28. Qf4 Re8 29. Kf2 g5 30. Qf3 h5 31. a5 h4 32. Na4 Qd8 33. Nc5 Rde7 34. Nxb7 Qc7 35. Bf1 Kg7 36. Kg1 Kh6 37. a6 Bh5 38. Qf2 Nd7 39. Rc1 1-0

[Event "Beer Sheva ISR, World Team Ch"]
[Site "?"]
[Date "2005.11.09"]
[Round "8"]
[White "Onischuk Alexander"]
[Black "Bruzon Lazaro"]
[Result "1-0"]
[WhiteElo "2640"]
[BlackElo "2677"]
[PlyCount "105"]
[EventDate "2005.??.??"]
[Source "www.chesslib.no"]
[SourceDate "2004.05.04"]

1. d4 d5 2. c4 c6 3. Nf3 Nf6 4. Nc3 e6 5. Bg5 Nbd7 6. cxd5 exd5 7. e3 Be7 8. Qc2 O-O 9. Bd3 Re8 10. O-O Nf8 11. h3 g6 12. Rab1 Ne6 13. Bh4 Ng7 14. b4 a6 15. a4 Bf5 16. b5 axb5 17. axb5 Nd7 18. Bxe7 Rxe7 19. Bxf5 Nxf5 20. bxc6 bxc6 21. Na4 Rc8 22. Nc5 Nd6 23. Nxd7 Rxd7 24. Ne5 Rdc7 25. Rfc1 Qf6 26. Rb6 c5 27. Qb2 Qd8 28. dxc5 Nc4 29. Rxc4 dxc4 30. Ng4 Rc6 31. Nh6+ Kf8 32. Qh8+ Ke7 33. Qe5+ Kf8 34. Qh8+ Ke7 35. Qg7 Qd1+ 36. Kh2 Rxb6 37. Qxf7+ Kd8 38. cxb6 Qd6+ 39. f4 Qxb6 40. Qd5+ Ke7 41. Ng8+ Kf8 42. Nh6 Rc7 43. Qg8+ Ke7 44. Qxh7+ Kd8 45. Qg8+ Kd7 46. Ng4 Kc6 47. Qxc4+ Kb7 48. Qe4+ Ka7 49. Ne5 Rc3 50. Qd4 Rb3 51. Nxg6 Rxe3 52. Qxb6+ Kxb6 53. h4 1-0

[Event "Munich SKA"]
[Site "Munich"]
[Date "1994.??.??"]
[Round "10"]
[White "Ivanchuk, Vassily"]
[Black "Van der Sterren, Paul"]
[Result "1/2-1/2"]
[WhiteElo "2710"]
[BlackElo "2605"]
[PlyCount "39"]
[EventDate "1994.05.??"]
[Source "ChessBase"]

1. c4 e6 2. Nc3 d5 3. d4 Nf6 4. cxd5 exd5 5. Bg5 c6 6. Qc2 Be7 7. e3 Nbd7 8. Bd3 Nh5 9. Bxe7 Qxe7 10. O-O-O g6 11. Nf3 Ng7 12. h3 Nb6 13. g4 Be6 14. Kb1 O-O-O 15. Na4 Nxa4 16. Qxa4 Kb8 17. Rc1 Ne8 18. Rc3 Nd6 19. Rb3 Nc4 20. Qb4 1/2-1/2

[Event "Wijk aan Zee II"]
[Site "?"]
[Date "2001.??.??"]
[Round "?"]
[White "Gulko, B."]
[Black "Gurevich, M."]
[Result "1/2-1/2"]
[WhiteElo "2620"]
[BlackElo "2690"]
[PlyCount "89"]
[EventDate "2001.??.??"]
[Source "Chess Informant"]
[SourceDate "2000.10.01"]

1. Nf3 d5 2. d4 c6 3. c4 Nf6 4. Nc3 e6 5. Bg5 Nbd7 6. cxd5 exd5 7. e3 Be7 8. Qc2 O-O 9. Bd3 Re8 10. O-O Nf8 11. h3 Ne4 12. Bf4 Ng5 13. Bxg5 Bxg5 14. b4 Be7 15. b5 Bd6 16. bxc6 bxc6 17. Rab1 Qf6 18. e4 dxe4 19. Nxe4 Qh6 20. Nxd6 Qxd6 21. Be4 Be6 22. Qxc6 Rad8 23. Rfe1 Qa3 24. d5 Bd7 25. Qc4 Rc8 26. Qd4 Qxa2 27. Ne5 Qa4 28. Rb4 Qa5 29. Ra1 Qc5 30. Qxc5 Rxc5 31. Nxd7 Nxd7 32. Rxa7 Nf6 33. d6 Nxe4 34. Rxe4 Rd8 35. Rae7 Rf8 36. Rd4 Rcc8 37. d7 Ra8 38. Rde4 Rad8 39. h4 h5 40. f3 g6 41. Kf2 Kg7 42. Ke3 Ra8 43. Kd3 Ra7 44. Kc3 Rd8 45. Kd3 1/2-1/2

[Event "FRA-chT 9900"]
[Site "France"]
[Date "2000.04.01"]
[Round "6.1"]
[White "Georgiev, Kiril"]
[Black "Andersson, Ulf"]
[Result "1/2-1/2"]
[WhiteElo "2677"]
[BlackElo "2625"]
[PlyCount "100"]
[EventDate "2000.02.04"]
[Source "www.chesslib.no"]
[SourceDate "2004.05.04"]

1. d4 Nf6 2. c4 e6 3. Nc3 d5 4. cxd5 exd5 5. Bg5 c6 6. Qc2 Be7 7. e3 Nbd7 8. Bd3 Nh5 9. Bxe7 Qxe7 10. Nge2 g6 11. O-O O-O 12. Rab1 Nb6 13. b4 a6 14. a4 Be6 15. Rfc1 Rfc8 16. a5 Nd7 17. Na4 Re8 18. Nc5 Nxc5 19. bxc5 Rad8 20. Rb3 Bc8 21. Qd2 Qg5 22. Kh1 Nf6 23. Ng1 Re7 24. Nf3 Qh5 25. Ne5 Ng4 26. Nxg4 Qxg4 27. Re1 Rde8 28. Rbb1 h5 29. Re2 Qg5 30. Qe1 Bf5 31. Bxf5 Qxf5 32. Reb2 Qc8 33. Qd1 Rc7 34. Rb3 Ree7 35. R1b2 Qf5 36. Kg1 Kg7 37. Kf1 h4 38. h3 g5 39. Kg1 f6 40. Qh5 Qg6 41. Qd1 Kh6 42. Qb1 Qxb1+ 43. Rxb1 f5 44. Kf1 Kg6 45. Ke2 f4 46. f3 Kf5 47. Kf2 Red7 48. Re1 Re7 49. exf4 Rxe1 50. Kxe1 gxf4 1/2-1/2

[Event "It (Men) Stepanakert ARM"]
[Site "?"]
[Date "2005.10.04"]
[Round "3"]
[White "Sokolov Ivan"]
[Black "Asrian Karen"]
[Result "1/2-1/2"]
[WhiteElo "2691"]
[BlackElo "2611"]
[PlyCount "211"]
[EventDate "2005.??.??"]
[Source "www.chesslib.no"]
[SourceDate "2004.05.04"]

1. d4 d5 2. c4 e6 3. Nc3 Nf6 4. cxd5 exd5 5. Bg5 Be7 6. e3 Nbd7 7. Bd3 O-O 8. Nf3 c6 9. Qc2 Re8 10. h3 Nf8 11. O-O Be6 12. Rab1 Rc8 13. b4 Nh5 14. Bxe7 Qxe7 15. Rfc1 Ng6 16. Ne2 a6 17. a4 Bd7 18. Re1 Qf6 19. Nh2 Qd8 20. Nc3 Nf6 21. a5 Rc7 22. f3 Bc8 23. Na4 Rce7 24. Qf2 Nf8 25. Nf1 Ne6 26. Qg3 g6 27. Qh4 Rc7 28. g4 Ng7 29. Rb2 Qd6 30. Qg3 Qxg3+ 31. Nxg3 h5 32. Nc5 Rce7 33. Rbe2 hxg4 34. hxg4 Ne6 35. Kg2 Kg7 36. Nb3 Ng5 37. Nd2 Nxg4 38. fxg4 Bxg4 39. Ndf1 Bf3+ 40. Kf2 Bxe2 41. Kxe2 Ne6 42. Kd2 Nxd4 43. Kc3 Nf3 44. Re2 Rh8 45. Rg2 Kf8 46. Rf2 Ne5 47. Be2 Kg7 48. Rg2 Kf6 49. e4 Rd8 50. Nd2 d4+ 51. Kb2 d3 52. Bf1 b6 53. axb6 Rb7 54. Kc3 Rxb6 55. Nb3 Rdb8 56. Nc5 Rxb4 57. Bxd3 a5 58. Nf1 Rh8 59. Rf2+ Ke7 60. Ra2 Rh3 61. Rxa5 Rc4+ 62. Kd2 Nxd3 63. Nxd3 Rxe4 64. Ra7+ Kf8 65. Nf2 Rd4+ 66. Ke2 Rb3 67. Ne3 f5 68. Rc7 f4 69. Ned1 f3+ 70. Kf1 Rd6 71. Kg1 Rb5 72. Ne3 Re6 73. Neg4 Rh5 74. Kf1 c5 75. Rc8+ Ke7 76. Rc7+ Kd6 77. Ra7 c4 78. Ra6+ Ke7 79. Ra7+ Kd8 80. Ra8+ Kc7 81. Ra3 Rc5 82. Nd1 Rd6 83. Ngf2 Rcd5 84. Nc3 Rf5 85. Nfe4 Rd4 86. Ra7+ Kb6 87. Rg7 g5 88. Kf2 Rd3 89. Rg8 Re5 90. Rc8 g4 91. Rxc4 Rh5 92. Kg3 Rh3+ 93. Kxg4 f2 94. Nxf2 Rhg3+ 95. Kh4 Rxc3 96. Rxc3 Rxc3 97. Kg4 Kc6 98. Ne4 Rc1 99. Kf5 Kd5 100. Nf6+ Kd4 101. Ke6 Rg1 102. Kf5 Rf1+ 103. Ke6 Rf2 104. Ng4 Ra2 105. Kf5 Ra5+ 106. Kf4 1/2-1/2

[Event "Manila (ol)"]
[Site "?"]
[Date "1992.??.??"]
[Round "?"]
[White "Ehlvest, J."]
[Black "Short, N."]
[Result "1/2-1/2"]
[WhiteElo "2615"]
[BlackElo "2685"]
[PlyCount "53"]
[EventDate "1992.??.??"]
[Source "ChessBase"]
[SourceDate "1992.06.01"]

1. d4 d5 2. c4 e6 3. Nc3 Nf6 4. cxd5 exd5 5. Bg5 c6 6. Qc2 Na6 7. e3 Nb4 8. Qd1 Bf5 9. Rc1 Qa5 10. Bxf6 gxf6 11. Qd2 Nxa2 12. Ra1 Nxc3 13. Rxa5 Ne4 14. Rxd5 Nxd2 15. Rxf5 Bb4 16. Ke2 Ke7 17. Nf3 Nc4 18. Kd1 Nd6 19. Rf4 a5 20. e4 Rhd8 21. Kc2 c5 22. e5 Ne8 23. Bb5 cxd4 24. exf6+ Nxf6 25. Rd1 Rac8+ 26. Kb3 Rc5 27. Bf1 1/2-1/2

[Event "Bastia FRA, Corsica Masters 2005"]
[Site "?"]
[Date "2005.11.03"]
[Round "1.3"]
[White "Izoria Zviad"]
[Black "Gurevich Mikhail"]
[Result "1/2-1/2"]
[WhiteElo "2646"]
[BlackElo "2652"]
[PlyCount "73"]
[EventDate "2005.??.??"]
[Source "www.chesslib.no"]
[SourceDate "2004.05.04"]

1. d4 d5 2. c4 c6 3. Nf3 Nf6 4. Nc3 e6 5. Bg5 Nbd7 6. cxd5 exd5 7. e3 Be7 8. Bd3 O-O 9. Qc2 Re8 10. h3 Ne4 11. Bxe4 dxe4 12. Nxe4 Qa5+ 13. Kf1 Nf8 14. Bxe7 Rxe7 15. Ng3 Be6 16. Kg1 Rc8 17. Kh2 c5 18. Qc3 Qb6 19. d5 Bd7 20. e4 f6 21. Rhe1 Ng6 22. e5 fxe5 23. Nxe5 Nxe5 24. Rxe5 Ree8 25. Rxe8+ Rxe8 26. Rd1 Qd6 27. Qe5 Qxd5 28. Qb8 Bc6 29. f3 Kf7 30. Qf4+ Kg8 31. Nf5 Qe6 32. Qg5 Qe5+ 33. f4 Qc7 34. Nh6+ Kh8 35. Ng4 b6 36. Ne5 Qe7 37. Qf5 1/2-1/2

[Event "Riga"]
[Site "?"]
[Date "1995.??.??"]
[Round "?"]
[White "Timman, J."]
[Black "Yusupov, A."]
[Result "1/2-1/2"]
[WhiteElo "2635"]
[BlackElo "2660"]
[PlyCount "76"]
[EventDate "1995.??.??"]
[Source "ChessBase"]
[SourceDate "1995.02.01"]

1. c4 e6 2. Nc3 d5 3. d4 Nf6 4. cxd5 exd5 5. Bg5 Be7 6. e3 O-O 7. Bd3 Nbd7 8. Nge2 Re8 9. O-O c6 10. Qc2 Nf8 11. f3 Be6 12. Rad1 Rc8 13. e4 dxe4 14. fxe4 Ng4 15. Bf4 Ng6 16. e5 Bg5 17. Bxg6 hxg6 18. Qd2 Bxf4 19. Nxf4 Bc4 20. Rfe1 c5 21. Ne4 cxd4 22. Nd6 d3 23. Nh3 Rxe5 24. Nxc8 Qxc8 25. Rxe5 Nxe5 26. Qe3 f6 27. Nf2 Bd5 28. Rc1 Qf5 29. b3 Ng4 30. Qd4 Nxf2 31. Qxf2 Qg5 32. Re1 f5 33. Qg3 Qxg3 34. hxg3 Kf7 35. Kf2 Kf6 36. Ke3 Be4 37. Rc1 a6 38. Rc7 Bxg2 1/2-1/2

[Event "Bundesliga 9900"]
[Site "Germany"]
[Date "1999.11.07"]
[Round "4"]
[White "Onischuk, Alexander"]
[Black "Jussupow, Artur"]
[Result "1/2-1/2"]
[WhiteElo "2657"]
[BlackElo "2636"]
[PlyCount "42"]
[EventDate "1999.10.??"]
[Source "www.chesslib.no"]
[SourceDate "2004.05.04"]

1. d4 Nf6 2. c4 e6 3. Nc3 d5 4. Nf3 Nbd7 5. cxd5 exd5 6. Bg5 Be7 7. e3 O-O 8. Bd3 Re8 9. O-O c6 10. Qc2 Nf8 11. h3 Be6 12. Rae1 Ne4 13. Bxe7 Qxe7 14. Nxe4 dxe4 15. Bxe4 Bxh3 16. Bxh7+ Nxh7 17. gxh3 Qd7 18. Kh2 Qd6+ 19. Kh1 Qd7 20. Kh2 Qd6+ 21. Kh1 Qd7 1/2-1/2

[Event "Nederland 82/371"]
[Site "?"]
[Date "2001.??.??"]
[Round "?"]
[White "Sokolov, I."]
[Black "Sadler, M."]
[Result "1-0"]
[WhiteElo "2659"]
[BlackElo "2633"]
[PlyCount "67"]
[EventDate "2001.??.??"]
[Source "Chess Informant"]
[SourceDate "2001.06.01"]

1. d4 d5 2. c4 e6 3. Nc3 Nf6 4. cxd5 exd5 5. Bg5 Be7 6. e3 Nbd7 7. Bd3 O-O 8. Nf3 Re8 9. Qc2 c6 10. O-O Nf8 11. h3 g6 12. Bh6 Bd6 13. Rab1 Bd7 14. Rfe1 Qc8 15. Ng5 Ne6 16. f4 Nh5 17. Nf3 Bf8 18. Bxf8 Nxf8 19. b4 Ng3 20. Kh2 Nf5 21. e4 dxe4 22. Nxe4 Qd8 23. Qb2 h6 24. Ne5 Nh7 25. Nc5 Bc8 26. Qb3 Rf8 27. Bc4 Qf6 28. Ne4 Qg7 29. Rbd1 b5 30. Bxf7+ Rxf7 31. g4 Ne7 32. Nd6 Nd5 33. Nexf7 Nhf6 34. g5 1-0